Znani Niemcy według zdjęcia - Statystyki

Ogólne statystyki
  • Ten quiz został rozwiązany 70 razy
  • Średni wynik to 9 z 16
Statystyki odpowiedzi
Obrazkowy Odpowiedź % Poprawnych
Albert Einstein
98%
Angela Merkel
94%
Ludwig van Beethoven
86%
Otto von Bismarck
80%
Jan Sebastian Bach
78%
Marcin Luter
77%
Karol Marks
72%
Manuel Neuer
66%
Steffi Graf
42%
Claudia Schiffer
34%
Fryderyk II Wielki
28%
Friedrich Nietzsche
25%
Karl Lagerfeld
25%
Richard Wagner
22%
Dirk Nowitzki
17%
Wernher von Braun
17%
Nie znaleziono quizów pasujących do podanych kryteriów
Rozkład punktacji
Procent ludzi z każdym wynikiem
Percentyl według liczby udzielonych odpowiedzi
Twoja historia wyników
Nie rozwiązałeś tego quizu